[Event "Chigorin Memorial 27th"]
[Site "St Petersburg"]
[Date "2019.10.11"]
[Round "7"]
[White "Sorin, Boris"]
[Black "Ivanov, Sergei V"]
[Result "1-0"]
[WhiteElo "1937"]
[BlackElo "2134"]
[PlyCount "95"]
[EventDate "2019.10.05"]
[EventType "swiss"]
[EventRounds "9"]
[EventCountry "RUS"]
[SourceTitle "EXT 2021"]
[Source "ChessBase"]
[SourceDate "2020.10.23"]
[SourceVersion "1"]
[SourceVersionDate "2020.10.23"]
[SourceQuality "1"]

1. e4 c6 2. d4 d5 3. Nc3 dxe4 4. Nxe4 Bf5 5. Ng3 Bg6 6. h4 h6 7. Nf3 Nd7 8. h5 Bh7 9. Bd3 Bxd3 10. Qxd3 e6 11. Bf4 Qa5+ 12. Bd2 Bb4 13. c3 Be7 14. a4 Ngf6 15. b4 Qc7 16. Qe2 Bd6 17. Nf5 Bf8 18. g3 Nd5 19. Rb1 0-0-0 20. Ne3 Nxe3 21. Bxe3 Re8 22. 0-0 e5 23. dxe5 Nxe5 24. Nxe5 Rxe5 25. Qg4+ f5 26. Qg6 Qd6 27. Bf4 Qxg6 28. hxg6 Re8 29. Rfe1 Be7 30. Be5 Rhg8 31. Kg2 a6 32. Bd4 Bf6 33. Bxf6 Rxe1 34. Rxe1 gxf6 35. Kf3 Rxg6 36. Kf4 Rg7 37. Kxf5 Rd7 38. Kxf6 Rd2 39. f4 Rd3 40. Rg1 Kd7 41. Kf7 Rxc3 42. Rd1+ Kc7 43. Rg1 Rc4 44. Kg6 Rxb4 45. Kxh6 Rxa4 46. Re1 b5 47. f5 Rg4 48. Re3 1-0

[Event "Chigorin Memorial 27th"]
[Site "St Petersburg"]
[Date "2019.10.09"]
[Round "5"]
[White "Sorin, Boris"]
[Black "Soloviev, Mikhail2"]
[Result "1-0"]
[WhiteElo "1937"]
[BlackElo "1704"]
[PlyCount "45"]
[EventDate "2019.10.05"]
[EventType "swiss"]
[EventRounds "9"]
[EventCountry "RUS"]
[SourceTitle "EXT 2020"]
[Source "ChessBase"]
[SourceDate "2019.10.17"]
[SourceVersion "1"]
[SourceVersionDate "2019.10.17"]
[SourceQuality "1"]

1. e4 c5 2. Nf3 d6 3. d4 cxd4 4. Nxd4 Nf6 5. Nc3 g6 6. Be3 Bg7 7. f3 0-0 8. Bc4 Nc6 9. Qd2 Bd7 10. 0-0-0 Rc8 11. Bb3 Ne5 12. Kb1 Nc4 13. Bxc4 Rxc4 14. g4 Re8 15. e5 dxe5 16. Nb3 Rc7 17. Nb5 Rc6 18. g5 a6 19. gxf6 Bxf6 20. Qxd7 Qxd7 21. Rxd7 axb5 22. Rhd1 e6 23. Rxb7 1-0

[Event "Chigorin Memorial 27th"]
[Site "St Petersburg"]
[Date "2019.10.07"]
[Round "3"]
[White "Sorin, Boris"]
[Black "Mochalin, Faddey"]
[Result "0-1"]
[WhiteElo "1937"]
[BlackElo "2173"]
[PlyCount "63"]
[EventDate "2019.10.05"]
[EventType "swiss"]
[EventRounds "9"]
[EventCountry "RUS"]
[SourceTitle "EXT 2020"]
[Source "ChessBase"]
[SourceDate "2019.10.17"]
[SourceVersion "1"]
[SourceVersionDate "2019.10.17"]
[SourceQuality "1"]

1. e4 e6 2. d4 d5 3. Nc3 Nf6 4. e5 Nfd7 5. f4 c5 6. Nf3 Nc6 7. Be3 Be7 8. Qd2 0-0 9. dxc5 Nxc5 10. Nd4 a6 11. Bd3 Nxd4 12. Bxd4 b5 13. a3 Nxd3+ 14. cxd3 b4 15. axb4 Bxb4 16. Qe3 Qh4+ 17. g3 Qh3 18. Kf2 Bd7 19. Ne2 Rfc8 20. Nc3 Bxc3 21. bxc3 Rab8 22. Qd2 Rb3 23. Ra2 Rcb8 24. Kf3 h5 25. Rha1 a5 26. Qg2 Qf5 27. Ke3 a4 28. h3 Bb5 29. Rd2 a3 30. g4 Qh7 31. Qe2 Ba6 32. Bc5 0-1